|
|
|
|
| LEADER |
03157nam a2200829 a 4500 |
| 001 |
nkc20051635913 |
| 003 |
CZ PrNK |
| 005 |
20061011094742.0 |
| 007 |
ta |
| 008 |
051220s2005 xr f 000 0 cze |
| 015 |
|
|
|a cnb001635913
|
| 020 |
|
|
|a 80-7042-685-3
|q (Ostravská univerzita :
|q váz.)
|
| 020 |
|
|
|a 80-86904-07-5
|q (Tilia :
|q váz.)
|
| 035 |
|
|
|a (OCoLC)77519115
|
| 040 |
|
|
|a BOA001
|b cze
|d ABA001
|
| 041 |
1 |
|
|a cze
|a ger
|b ger
|h cze
|h ger
|
| 043 |
|
|
|a e-it---
|
| 045 |
|
|
|a q-s-
|
| 072 |
|
7 |
|a 615
|x Farmacie. Farmakologie
|2 Konspekt
|9 14
|
| 072 |
|
7 |
|a 811.112.2
|x Němčina
|2 Konspekt
|9 11
|
| 080 |
|
|
|a 615.1
|2 MRF
|
| 080 |
|
|
|a 091(=124)
|2 MRF
|
| 080 |
|
|
|a 811.112.2'25
|2 MRF
|
| 080 |
|
|
|a 091(=112.2)
|2 MRF
|
| 080 |
|
|
|a 801.73
|2 MRF
|
| 080 |
|
|
|a 81'42
|2 MRF
|
| 080 |
|
|
|a 811.112.2'0
|2 MRF
|
| 080 |
|
|
|a 81'373.46
|2 MRF
|
| 080 |
|
|
|a (450)
|2 MRF
|
| 080 |
|
|
|a (0:82-9)
|2 MRF
|
| 080 |
|
|
|a (048.8)
|2 MRF
|
| 100 |
1 |
|
|a Vaňková, Lenka,
|d 1956-
|7 mzk2004239995
|4 aut
|
| 245 |
1 |
0 |
|a Mesuë a jeho "Grabadin":
|b standardní dílo středověké farmacie : edice, překlad, komentář = Mesuë und sein "Grabadin" : ein Standardwerk der mittelalterlichen Pharmazie : Edition, Übersetzung, Kommentar /
|c Lenka Vaňková, Gundolf Keil
|
| 246 |
3 |
0 |
|a Grabadin
|
| 246 |
3 |
1 |
|a Mesuë und sein "Grabadin"
|
| 250 |
|
|
|a Vyd. 1.
|
| 260 |
|
|
|a V Ostravě :
|b Ostravská univerzita ;
|a V Šenově u Ostravy :
|b Tilia,
|c 2005
|
| 300 |
|
|
|a 294 s. :
|c 24 cm
|
| 490 |
1 |
|
|a Universum ;
|v sv. 6
|
| 500 |
|
|
|a Terminologický slovník
|
| 504 |
|
|
|a Obsahuje bibliografii a bibliografické odkazy
|
| 546 |
|
|
|a Souběžný německý text, německé resumé
|
| 600 |
0 |
7 |
|a Pseudo-Mesuë,
|d asi 925-1015.
|t Grabadin
|7 aun2006372477
|2 czenas
|
| 648 |
|
7 |
|a 13. století
|7 ch460551
|2 czenas
|
| 648 |
|
7 |
|a 15. století
|7 ch460553
|2 czenas
|
| 650 |
0 |
7 |
|a farmacie
|7 ph114525
|y středověk
|2 czenas
|
| 650 |
0 |
7 |
|a latinské rukopisy
|7 ph115101
|z Itálie
|y 13. stol.
|2 czenas
|
| 650 |
0 |
7 |
|a překlady do němčiny
|7 ph124895
|2 czenas
|
| 650 |
0 |
7 |
|a německé rukopisy
|7 ph123519
|y 15. stol.
|2 czenas
|
| 650 |
0 |
7 |
|a textová analýza
|7 ph126628
|2 czenas
|
| 650 |
0 |
7 |
|a jazyková analýza
|7 ph137981
|2 czenas
|
| 650 |
0 |
7 |
|a nová horní němčina
|7 ph123357
|2 czenas
|
| 650 |
0 |
7 |
|a oborová terminologie
|7 ph138998
|2 czenas
|
| 650 |
0 |
9 |
|a pharmacy
|y middle ages
|2 eczenas
|
| 650 |
0 |
9 |
|a Latin manuscripts
|z Italy
|y 13th century
|2 eczenas
|
| 650 |
0 |
9 |
|a translations into German
|2 eczenas
|
| 650 |
0 |
9 |
|a German manuscripts
|y 15th century
|2 eczenas
|
| 650 |
0 |
9 |
|a textual criticism
|2 eczenas
|
| 650 |
0 |
9 |
|a linguistic analysis
|2 eczenas
|
| 650 |
0 |
9 |
|a early modern High German language
|2 eczenas
|
| 650 |
0 |
9 |
|a terminology (professional)
|2 eczenas
|
| 655 |
|
7 |
|a texty
|7 fd133699
|2 czenas
|
| 655 |
|
7 |
|a studie
|7 fd133597
|2 czenas
|
| 655 |
|
9 |
|a texts
|2 eczenas
|
| 655 |
|
9 |
|a studies
|2 eczenas
|
| 700 |
1 |
|
|a Keil, Gundolf,
|d 1934-
|7 mzk2002160795
|4 aut
|
| 830 |
|
0 |
|a Universum (Tilia)
|0 s
|
| 910 |
2 |
|
|a BOA001
|b 2-1162.165
|
| 990 |
|
|
|a BK
|
| 995 |
|
|
|a 01
|
| 991 |
|
|
|b 200601
|c NOV
|
| 996 |
6 |
|
|b 2610268628
|c 2-1162.165
|l MZK
|r Sklad / do 1 hodiny
|n 5
|p p.v.
|w 000802583
|u 000010
|a 1
|e BOA001
|j MZK50
|s P
|